Horsemanship 1 (Parts of a horse) - Statistics

General Stats
  • This quiz has been taken 61 times
  • The average score is 11 of 33
Answer Stats
Answer % Correct
Hoof
89%
Neck
59%
Withers
59%
Hock
57%
Poll
52%
Back
50%
Cannon
50%
Shoulder
50%
Knee
48%
Fetlock
45%
Barrel
43%
Chest
43%
Flank
43%
Muzzle
43%
Forelock
34%
Nostril
34%
Stifle
32%
Croup
30%
Elbow
30%
Crest
27%
Pastern
27%
Gaskin
25%
Forearm
23%
Loin
20%
Coronet
18%
Girth
18%
Buttock
16%
Point of hip
14%
Throat Latch
11%
Arm
9%
Abdomen
7%
Quarter
7%
Curb
5%
No matching quizzes found
Score Distribution
Percent of People with Each Score
Percentile by Number Answered
Your Score History
You have not taken this quiz